LEADER 01017nam a2200265 u 4500 001 000000025514 003 CaOOAMICUS 005 20070226111455.0 008 950927s1956 it u000 u ita u 035 $a10657117 040 $aIAR$bita 100 1 $aZolli, Eugenio,$d1881-1956.$0(OLS)http://pul/name/6532 245 10$aGuida all'Antico e Nuovo Testamento /$cEugenio Zolli. 260 $aMilano :$bGarzanti,$c1965. 300 $a225 S. ;$c18 cm 490 1 $aSaper tutto ;$v78-79 630 04$aBiblia.$pV.T.$0(OLS)http://pul/subject/1661 630 04$aBiblia.$pN.T.$0(OLS)http://pul/subject/1630 830 0$aSaper tutto ;$v78-79.$0(OLS)http://pul/title/18144 850 $aPUL 852 $aPUL$W1$xSL Religione 1$y3$m1 B 23$j35664$nBK-PRI$b $qStampati$B35664$CPULBib$Z2$F35664 $H $81 941 1 $a8 961 $aINV: 45140 996 $6245$aGuida all'Antico e Nuovo Testamento$9(OLS)http://pul/title/35148 996 $6260$aMilano :$bGarzanti$9(OLS)http://pul/publisher/49146 LEADER 01398nam a2200289 u 4500 001 000000089786 003 CaOOAMICUS 005 20080206084509.0 008 051017s2000 it u000 u ita u 020 $a88-221-0320-3 035 $a11070832 040 $aPUL$bita 100 1 $aFrabboni, Franco.$0(OLS)http://pul/name/35868 245 14$aUna cultura per l'infanzia :$bstruttura contenuti metodi della scuola materna /$cFranco Frabboni, Roberto Maragliano, Benedetto Vertecchi. 260 $aScandicci (Firenze) :$bLa Nuova Italia,$c2000. 300 $a152 p. ;$c21 cm 490 1 $aEducatori antichi e moderni ;$v408 650 4$aScuola materna$xDidattica.$0(OLS)http://pul/subject/29356 700 1 $aVertecchi, Benedetto,$d1944-$0(OLS)http://pul/name/57896 700 1 $aMaragliano, Roberto,$d1946-$0(OLS)http://pul/name/58127 830 0$aEducatori antichi e moderni ;$v408.$0(OLS)http://pul/title/13529 850 $aPUL 852 $aPUL$W1$xSL Diritto e Scienze Sociali 3$y79$m372. 21 FRAFR 1$j113453$nBK-PRI$b $qDDC 21$B113453$CPULBib$Z2$F113453 $HPUL99837 $81 941 1 $a9 996 $6020$a88-221-0320-3$9(OLS)http://pul/number/117757 996 $6245$aUna cultura per l'infanzia :$bstruttura contenuti metodi della scuola materna$9(OLS)http://pul/title/115919 996 $6260$aScandicci (Firenze) :$bLa Nuova Italia$9(OLS)http://pul/publisher/48287